000 00686nam a22002297a 4500
010 _aB-227747
020 _a8171771742
_c650.00
035 _aB-227747
037 _bCen Lib / Ret
040 _aDPL
_bEN
082 _a347.052
_bMAL
100 _aMitra, B. B.
245 _aThe Limitation Act, 1963 /
_cby B. B. Mitra [and] M. R. Mallick
250 _a21st ed
260 _aKolkata
_bEastern Law House
_c2005
270 _a54 Ganesh Chunder Avenue Kolkata
_bKolkata
_e700013
300 _a1640p
_b25cm(Hb)
650 _a Limitation of actions -- India.
650 _aLimitation of actions.
700 _aMallick, M. R.
942 _2ddc
_cEN
_h347.052
_mMAL
999 _c136823
_d136823